[Event "Mondiale Lampo FIDE 2017"]
[Site "Riyadh"]
[Date "29.12.2017"]
[Round "2.61"]
[White "Mchedlishvili, Mikheil"]
[Black "Masrahi, Abdulrahman A"]
[Result "1-0"]
[WhiteTitle "GM"]
[BlackTitle "CM"]
[WhiteElo "2603"]
[BlackElo "1962"]
[WhiteFideId "13600966"]
[BlackFideId "21501564"]
[EventDate "2017.12.29"]

1. c4 c6 2. Nf3 Nf6 3. g3 d5 4. Bg2 Bf5 5. cxd5 cxd5 6. Qb3 Qb6 7. Qxb6 axb6 8.
Nc3 e6 9. d3 Nc6 10. O-O Be7 11. a3 O-O 12. Bf4 Na5 13. Nd4 Bg6 14. Ncb5 Nc6 15.
Rfc1 e5 16. Rxc6 bxc6 17. Nxc6 exf4 18. Nxe7+ Kh8 19. Nxd5 Nxd5 20. Bxd5 Rad8
21. Bf3 fxg3 22. hxg3 Rfe8 23. a4 f6 24. b4 Bf7 25. a5 bxa5 26. bxa5 Bd5 27.
Bxd5 Rxd5 28. Nc7 Rde5 29. Nxe8 Rxe8 30. e4 Kg8 31. a6 Kf7 32. a7 Ra8 33. d4 Ke6
34. Kg2 f5 35. Kf3 g5 36. Ra6+ Kf7 37. exf5 1-0

[Event "Mondiale Lampo FIDE 2017"]
[Site "Riyadh"]
[Date "29.12.2017"]
[Round "2.62"]
[White "Dervishi, Erald"]
[Black "Al Zamel, Khaled"]
[Result "0-1"]
[WhiteTitle "GM"]
[WhiteElo "2552"]
[BlackElo "1942"]
[WhiteFideId "4700236"]
[BlackFideId "21500967"]
[EventDate "2017.12.29"]

1. e4 d6 2. d4 c6 3. Nf3 Qc7 4. Be2 Bg4 5. h3 Bh5 6. Nc3 Nf6 7. O-O Nbd7 8. Re1
e5 9. a4 Be7 10. Be3 Bg6 11. Bd3 O-O 12. Nh4 Rae8 13. Nxg6 fxg6 14. a5 d5 15.
exd5 Nxd5 16. Nxd5 cxd5 17. dxe5 Qxe5 18. Bxa7 Qxb2 19. Bxg6 hxg6 20. Qxd5+ Rf7
21. Qxd7 Rd8 22. Qa4 Qf6 23. Rab1 Ra8 24. Rxb7 Rxa7 25. Rxa7 Qxf2+ 26. Kh1 Qxe1+
27. Kh2 Bd6+ 28. g3 Qxg3+ 0-1

[Event "Mondiale Lampo FIDE 2017"]
[Site "Riyadh"]
[Date "29.12.2017"]
[Round "2.63"]
[White "Al-Modiahki, Mohamad"]
[Black "Miswadah, Baha"]
[Result "1-0"]
[WhiteTitle "GM"]
[WhiteElo "2542"]
[BlackElo "1877"]
[WhiteFideId "12100030"]
[BlackFideId "11502118"]
[EventDate "2017.12.29"]

1. e4 c5 2. Nc3 e6 3. Nf3 a6 4. d4 cxd4 5. Nxd4 Qc7 6. g3 b5 7. Bg2 Bb7 8. O-O
Nf6 9. Re1 d6 10. Bg5 Be7 11. Bxf6 Bxf6 12. Ndxb5 axb5 13. Nxb5 Qd7 14. Nxd6+
Kf8 15. Nxb7 Be7 16. e5 Ra7 17. Qf3 g6 18. Rad1 Qc7 19. Nd6 f5 20. Nb5 1-0

[Event "Mondiale Lampo FIDE 2017"]
[Site "Riyadh"]
[Date "29.12.2017"]
[Round "2.64"]
[White "Alem, Ali Hussien"]
[Black "Sethuraman, S.P."]
[Result "0-1"]
[BlackTitle "GM"]
[WhiteElo "1745"]
[BlackElo "2646"]
[WhiteFideId "21500088"]
[BlackFideId "5021596"]
[EventDate "2017.12.29"]

1. Nf3 d5 2. g3 Nf6 3. Bg2 c5 4. O-O Nc6 5. d3 g6 6. Nbd2 Bg7 7. Rb1 O-O 8. b3
e5 9. e4 Re8 10. Bb2 d4 11. c3 dxc3 12. Bxc3 Qxd3 13. Re1 Qxc3 14. Qe2 Bg4 15.
Rec1 Qa5 16. Rc4 Nd4 17. Qe3 Qb6 18. h3 Bxf3 19. Nxf3 Rad8 20. Rbc1 Nd7 21. h4
Qe6 22. Kh2 Qe7 23. Qe1 b6 24. Ng1 Nf6 25. Ne2 h5 26. Nc3 b5 27. Nxb5 Nxb5 28.
Rxc5 Nd4 29. Rc7 Rd7 30. R7c5 Ne6 31. Rxe5 Ng4+ 0-1

[Event "Mondiale Lampo FIDE 2017"]
[Site "Riyadh"]
[Date "29.12.2017"]
[Round "2.65"]
[White "Ibrahimov, Rasul"]
[Black "Al Abdali, Zeyad Saleh"]
[Result "1-0"]
[WhiteTitle "GM"]
[WhiteElo "2518"]
[BlackElo "1801"]
[WhiteFideId "13400495"]
[BlackFideId "21501505"]
[EventDate "2017.12.29"]

1. Nf3 d5 2. c4 c6 3. e3 Nf6 4. Nc3 Bg4 5. cxd5 cxd5 6. Qb3 Bxf3 7. Qxb7 Nbd7 8.
gxf3 e6 9. d4 Qc8 10. Qxc8+ Rxc8 11. Ba6 Rc6 12. Bb5 Rb6 13. Ba4 Bb4 14. Bd2 O-O
15. Ke2 e5 16. Bxd7 Nxd7 17. Nxd5 Bxd2 18. Nxb6 Nxb6 19. Kxd2 exd4 20. exd4 Rd8
21. Kd3 Nd5 22. Rac1 f5 23. Rc5 g6 24. Rhc1 Nf4+ 25. Ke3 Ng2+ 26. Kd3 Kg7 27.
Rc7+ Kh6 28. R1c4 Ne1+ 29. Ke2 Re8+ 30. Kf1 Nxf3 31. Kg2 Ne1+ 32. Kg3 Re4 33. d5
f4+ 34. Kg4 Re5 35. d6 Nd3 36. Rd4 Rg5+ 37. Kf3 Ne5+ 38. Kxf4 Ng4 39. h4 1-0

[Event "Mondiale Lampo FIDE 2017"]
[Site "Riyadh"]
[Date "29.12.2017"]
[Round "2.66"]
[White "El Adnani, Mokliss"]
[Black "Salama, Taher"]
[Result "1-0"]
[WhiteTitle "IM"]
[WhiteElo "2448"]
[BlackElo "1769"]
[WhiteFideId "9000410"]
[BlackFideId "11502231"]
[EventDate "2017.12.29"]

1. d4 Nf6 2. Nf3 b6 3. g3 Bb7 4. Bg2 e6 5. O-O Be7 6. c4 d5 7. Ne5 O-O 8. Nc3 c6
9. Bf4 Nbd7 10. Rc1 Nxe5 11. dxe5 Nd7 12. cxd5 cxd5 13. e4 dxe4 14. Nxe4 Nc5 15.
Nxc5 Bxg2 16. Kxg2 Bxc5 17. Qf3 Qe7 18. h4 Rab8 19. h5 Qb7 20. h6 Qxf3+ 21. Kxf3
g6 22. Rfd1 Rfd8 23. Bg5 Rxd1 24. Rxd1 a5 25. Rd7 b5 26. Be3 Bf8 27. Ke4 b4 28.
Ra7 Rc8 29. Rxa5 f5+ 30. exf6 Kf7 31. Ra7+ Kxf6 32. Rxh7 Rc2 33. Kd3 Rc8 34. Rh8
Rd8+ 35. Ke4 Kf7 36. Bc5 Re8 37. Rxf8+ Rxf8 38. Bxf8 Kxf8 1-0

[Event "Mondiale Lampo FIDE 2017"]
[Site "Riyadh"]
[Date "29.12.2017"]
[Round "2.67"]
[White "Tregubov, Pavel V."]
[Black "Alanazy, Mohammed"]
[Result "1-0"]
[WhiteTitle "GM"]
[WhiteElo "2575"]
[BlackElo "1850"]
[WhiteFideId "4115341"]
[BlackFideId "21508488"]
[EventDate "2017.12.29"]

1. d4 d5 2. c4 c6 3. cxd5 cxd5 4. Bf4 Nf6 5. Nc3 a6 6. e3 Nc6 7. Bd3 e6 8. Nf3
Bd6 9. Bg5 h6 10. Bh4 O-O 11. O-O Be7 12. Qe2 Nh7 13. Bg3 Bd6 14. Ne5 Nxe5 15.
dxe5 Be7 16. Rad1 b5 17. Qc2 g6 18. Ne2 Bh4 19. Nd4 Bxg3 20. hxg3 Bb7 21. Rc1
Rc8 22. Qb1 Qg5 23. Nf3 Qe7 24. a3 Kh8 25. Rxc8 Rxc8 26. Rc1 Rxc1+ 27. Qxc1 Qd7
28. Nd4 Nf8 29. Qc5 Nh7 30. b4 Kg7 31. Nb3 Qc8 32. f4 Nf8 33. Kf2 Nd7 34. Qxc8
Bxc8 35. e4 dxe4 36. Bxe4 f6 37. exf6+ Kxf6 38. Ke3 e5 39. Bc6 exf4+ 40. gxf4 g5
41. Nd2 gxf4+ 42. Kxf4 Nb8 43. Bd5 Be6 44. Ne4+ Ke7 45. Bb7 Bf7 46. Nc5 Kd6 47.
Nxa6 Nxa6 48. Bxa6 Kc6 49. Ke5 h5 50. g3 Bc4 51. a4 Kb6 52. Bxb5 Bxb5 53. axb5
Kxb5 54. Kf6 Kxb4 55. Kg5 Kc5 56. Kxh5 Kd6 57. Kg6 Kd5 1-0

[Event "Mondiale Lampo FIDE 2017"]
[Site "Riyadh"]
[Date "29.12.2017"]
[Round "2.68"]
[White "Haddouche, Mohamed"]
[Black "Al Saidi, Mohammed Khalfan"]
[Result "1-0"]
[WhiteTitle "GM"]
[WhiteElo "2505"]
[BlackElo "1468"]
[WhiteFideId "7900660"]
[BlackFideId "22001271"]
[EventDate "2017.12.29"]

1. e4 c5 2. Nf3 Nc6 3. Bb5 d6 4. O-O Bg4 5. c3 Qc7 6. Re1 a6 7. Ba4 b5 8. Bc2
Nf6 9. h3 Bh5 10. d3 e6 11. Nbd2 Be7 12. Nf1 O-O 13. Ng3 Bxf3 14. Qxf3 a5 15.
Be3 b4 16. Ba4 Rab8 17. Qe2 Rfd8 18. d4 bxc3 19. bxc3 cxd4 20. cxd4 Rdc8 21. Qd2
Qd8 22. Rac1 Nb4 23. a3 Rxc1 24. Rxc1 Na6 25. Rc6 Rb1+ 26. Kh2 Nb8 27. Rc3 h6
28. Qc2 Rb7 29. Rc8 Rc7 30. Qxc7 1-0

[Event "Mondiale Lampo FIDE 2017"]
[Site "Riyadh"]
[Date "29.12.2017"]
[Round "2.69"]
[White "Sanal, Vahap"]
[Black "Al Mahmood, Salman"]
[Result "1-0"]
[WhiteTitle "GM"]
[WhiteElo "2551"]
[BlackElo "1593"]
[WhiteFideId "6300545"]
[BlackFideId "11201517"]
[EventDate "2017.12.29"]

1. e4 c5 2. Nf3 d6 3. Bb5+ Bd7 4. Bxd7+ Nxd7 5. d4 cxd4 6. Qxd4 Ngf6 7. c4 e6 8.
Nc3 Be7 9. O-O O-O 10. b3 a6 11. Bb2 Qc7 12. Rad1 Rfd8 13. Qe3 Nc5 14. h3 Rac8
15. Rfe1 Qc6 16. Nd4 Qc7 17. f4 Bf8 18. e5 Nfd7 19. b4 dxe5 20. fxe5 b6 21. bxc5
Bxc5 22. Ne4 Bxd4 23. Qxd4 Qxc4 24. Qxc4 Rxc4 25. Ba3 b5 26. Be7 Rdc8 27. Rxd7
Rc2 28. Nd6 Rb8 29. Nxf7 Kxf7 30. Bd6+ Kg6 31. Bxb8 Rxa2 32. Bd6 Rb2 33. Rf1 h6
34. Bf8 b4 35. Rxg7+ Kh5 36. Be7 b3 37. g4# 1-0

[Event "Mondiale Lampo FIDE 2017"]
[Site "Riyadh"]
[Date "29.12.2017"]
[Round "3.1"]
[White "Carlsen, Magnus"]
[Black "Kryvoruchko, Yuriy"]
[Result "1-0"]
[WhiteTitle "GM"]
[BlackTitle "GM"]
[WhiteElo "2837"]
[BlackElo "2689"]
[WhiteFideId "1503014"]
[BlackFideId "14109182"]
[EventDate "2017.12.29"]

1. d4 Nf6 2. Bf4 e6 3. e3 d5 4. Nf3 c5 5. c3 Nc6 6. Nbd2 Be7 7. Bd3 Nh5 8. Be5
f6 9. Bg3 g6 10. Qe2 Bd7 11. dxc5 Bxc5 12. e4 Nxg3 13. hxg3 dxe4 14. Bxe4 Kf7
15. O-O-O Qc7 16. Nc4 Rad8 17. Qd2 Bc8 18. Qh6 Rxd1+ 19. Rxd1 Kg8 20. g4 Bxf2
21. Bxc6 bxc6 22. g5 Qf4+ 23. Kb1 Qxc4 24. gxf6 1-0

[Event "Mondiale Lampo FIDE 2017"]
[Site "Riyadh"]
[Date "29.12.2017"]
[Round "3.3"]
[White "Yu, Yangyi"]
[Black "Meier, Georg"]
[Result "1-0"]
[WhiteTitle "GM"]
[BlackTitle "GM"]
[WhiteElo "2751"]
[BlackElo "2650"]
[WhiteFideId "8603820"]
[BlackFideId "4675789"]
[EventDate "2017.12.29"]

1. d4 Nf6 2. c4 e6 3. Nc3 Bb4 4. Nf3 Bxc3+ 5. bxc3 d6 6. Qc2 O-O 7. e4 e5 8. Bd3
Nc6 9. h3 b6 10. O-O h6 11. Be3 Ba6 12. Nd2 exd4 13. cxd4 Nb4 14. Qa4 c5 15. Bb1
Qe8 16. Qxe8 Raxe8 17. d5 Bc8 18. Bf4 Rd8 19. a3 Na6 20. Bc2 g5 21. Bh2 Nh5 22.
Rae1 f6 23. g4 Ng7 24. f4 gxf4 25. Bxf4 h5 26. Kf2 Kf7 27. Rg1 hxg4 28. hxg4 Rh8
29. Nf3 Nc7 30. g5 Nce8 31. Rh1 Rxh1 32. Rxh1 Bg4 33. gxf6 Nxf6 34. e5 Bxf3 35.
e6+ Ke7 36. Kxf3 Rg8 37. Bg5 Ne8 38. Rh7+ Rg7 39. Rxg7+ Nxg7 40. Bg6 Nxe6 41.
dxe6 Kxe6 42. Kf4 d5 43. Bf5+ Kf7 44. Bxf6 Kxf6 45. cxd5 c4 46. d6 c3 47. d7 Ke7
48. Ke4 1-0

[Event "Mondiale Lampo FIDE 2017"]
[Site "Riyadh"]
[Date "29.12.2017"]
[Round "3.5"]
[White "Bortnyk, Olexandr"]
[Black "Amonatov, Farrukh"]
[Result "1-0"]
[WhiteTitle "GM"]
[BlackTitle "GM"]
[WhiteElo "2610"]
[BlackElo "2636"]
[WhiteFideId "14120828"]
[BlackFideId "14700077"]
[EventDate "2017.12.29"]

1. d4 Nf6 2. Nc3 d5 3. Bf4 c6 4. e3 g6 5. h4 Bg7 6. h5 Nxh5 7. Rxh5 gxh5 8. Qxh5
Nd7 9. Qh2 Qa5 10. a3 b5 11. Bc7 Qa6 12. Nf3 Qb7 13. e4 b4 14. axb4 Qxb4 15.
O-O-O Nf6 16. Ne5 Qb7 17. Nxc6 Bd7 18. Na5 Qb4 19. exd5 O-O 20. Bd3 Rac8 21. Rh1
h6 22. Nb3 Ng4 23. Qg3 e5 24. Bxe5 Nxe5 25. dxe5 Rxc3 26. bxc3 Qxc3 27. Bh7+ 1-0

[Event "Mondiale Lampo FIDE 2017"]
[Site "Riyadh"]
[Date "29.12.2017"]
[Round "3.6"]
[White "Amin, Bassem"]
[Black "Movsesian, Sergei"]
[Result "1-0"]
[WhiteTitle "GM"]
[BlackTitle "GM"]
[WhiteElo "2689"]
[BlackElo "2647"]
[WhiteFideId "10601457"]
[BlackFideId "310204"]
[EventDate "2017.12.29"]

1. e4 c5 2. Nf3 e6 3. d3 Nc6 4. g3 d5 5. Nbd2 Nf6 6. Bg2 g6 7. O-O Bg7 8. Re1
O-O 9. c3 b6 10. e5 Nd7 11. d4 a5 12. Nf1 a4 13. a3 Ba6 14. h4 Qc7 15. Bf4 Na5
16. Ne3 Nb3 17. Rb1 cxd4 18. cxd4 Rac8 19. h5 Qc6 20. h6 Bh8 21. Bg5 Rc7 22. Be7
Re8 23. Bd6 Rcc8 24. Bb4 Rc7 25. Bf1 Bxf1 26. Kxf1 Rec8 27. Kg2 Qb7 28. Qd3 Ndc5
29. dxc5 bxc5 30. Bd2 c4 31. Qe2 d4 32. Ng4 c3 33. bxc3 dxc3 34. Bg5 c2 35. Rbc1
Rc3 36. Qe4 Qxe4 37. Rxe4 R8c4 38. Rxc4 Rxc4 39. Ne3 Nxc1 40. Nxc4 Nd3 41. Nb6
c1=Q 42. Bxc1 Nxc1 43. Nxa4 Nd3 44. Nb6 Kf8 45. a4 Ke7 46. a5 Nc5 47. Nc4 Kd7
48. Nd4 f6 49. f4 fxe5 50. fxe5 Nd3 51. a6 Kc7 52. Nb5+ Kc6 53. a7 Kb7 54. Nb6 1-0

[Event "Mondiale Lampo FIDE 2017"]
[Site "Riyadh"]
[Date "29.12.2017"]
[Round "3.7"]
[White "Bocharov, Dmitry"]
[Black "Socko, Bartosz"]
[Result "1-0"]
[WhiteTitle "GM"]
[BlackTitle "GM"]
[WhiteElo "2583"]
[BlackElo "2593"]
[WhiteFideId "4138716"]
[BlackFideId "1107038"]
[EventDate "2017.12.29"]

1. c4 Nf6 2. Nf3 e6 3. Nc3 Bb4 4. Qc2 O-O 5. a3 Bxc3 6. Qxc3 b6 7. g3 Bb7 8. Bg2
d6 9. O-O Nbd7 10. b4 c5 11. Bb2 Qe7 12. d3 Rac8 13. e4 Rfd8 14. Rae1 Nf8 15. b5
Ng6 16. a4 a5 17. h3 h6 18. Nh2 Qf8 19. Qd2 Ne8 20. f4 d5 21. exd5 exd5 22. f5
Ne7 23. f6 Nxf6 24. Rxf6 gxf6 25. Ng4 Rd6 26. Qf4 Ng6 27. Nxf6+ Rxf6 28. Qxf6
Rd8 29. Re7 Ba8 30. cxd5 Rc8 31. d6 Bxg2 32. d7 Rd8 33. Re8 Rxe8 34. dxe8=Q 1-0

[Event "Mondiale Lampo FIDE 2017"]
[Site "Riyadh"]
[Date "29.12.2017"]
[Round "3.8"]
[White "Bacrot, Etienne"]
[Black "Akobian, Varuzhan"]
[Result "1-0"]
[WhiteTitle "GM"]
[BlackTitle "GM"]
[WhiteElo "2725"]
[BlackElo "2647"]
[WhiteFideId "605506"]
[BlackFideId "13300580"]
[EventDate "2017.12.29"]

1. e4 e6 2. d4 d5 3. exd5 exd5 4. Nf3 Nf6 5. Bd3 Bd6 6. O-O O-O 7. h3 h6 8. Re1
Re8 9. Nc3 c6 10. Ne5 Nbd7 11. Bf4 Qc7 12. Qf3 Nxe5 13. dxe5 Rxe5 14. Bxe5 Bxe5
15. Re2 Bd7 16. Rae1 Bd6 17. Bf5 Bxf5 18. Qxf5 Qb6 19. Qd3 Rd8 20. b3 Bb4 21.
Na4 Qa5 22. c3 Bd6 23. Qc2 b5 24. Nb2 Qxa2 25. c4 bxc4 26. bxc4 Rb8 27. Nd3 Qxc4
28. Qxc4 dxc4 29. Ne5 c3 30. Nxc6 Rb2 31. Rxb2 cxb2 32. Rb1 Ba3 33. Nxa7 Ne4 34.
Nb5 Bc5 35. Rxb2 g5 36. Rc2 Bb6 37. Kf1 Kg7 38. Nc3 Nf6 39. Ke2 h5 40. g3 Bd4
41. Nb5 Bb6 42. Rc6 Ba5 43. Nd4 Kg6 44. g4 hxg4 45. hxg4 Bb4 46. f3 Ba3 47. Nf5
Bb2 48. Kd3 Be5 49. Kc4 Kh7 50. Ra6 Kg6 51. Ne7+ Kg7 52. Nf5+ Kg6 53. Ne7+ Kg7
54. Ra5 Bc7 55. Rxg5+ Kf8 56. Nd5 Nxd5 57. Rxd5 Ke7 58. Rf5 f6 59. Kd5 Bb8 60.
Rh5 Kf7 61. Rf5 Ke7 62. Ke4 Ke6 63. Rb5 Bg3 64. Rb6+ Kf7 65. Kf5 1-0

[Event "Mondiale Lampo FIDE 2017"]
[Site "Riyadh"]
[Date "29.12.2017"]
[Round "3.9"]
[White "Karjakin, Sergey"]
[Black "Short, Nigel D"]
[Result "1-0"]
[WhiteTitle "GM"]
[BlackTitle "GM"]
[WhiteElo "2760"]
[BlackElo "2678"]
[WhiteFideId "14109603"]
[BlackFideId "400025"]
[EventDate "2017.12.29"]

1. e4 e5 2. Nf3 Nc6 3. Bc4 Nf6 4. d3 h6 5. O-O d6 6. Re1 g6 7. d4 Bg4 8. Bb5 Nd7
9. Bxc6 bxc6 10. Nbd2 Bg7 11. h3 Be6 12. Nf1 exd4 13. Nxd4 c5 14. Nf5 Kf8 15.
Nxg7 Kxg7 16. Bd2 f6 17. f4 Bf7 18. Ne3 Re8 19. Qf3 Qe7 20. Ng4 h5 21. Nf2 a5
22. Bc3 Kh7 23. a4 Qf8 24. Re3 Qh6 25. Rae1 Qg7 26. g4 hxg4 27. Nxg4 Kg8 28. e5
fxe5 29. fxe5 dxe5 30. Bxe5 Nxe5 31. Rxe5 Rf8 32. Re7 Qd4+ 33. Qe3 Rad8 34. Rxc7
Qxe3+ 35. Rxe3 Rd1+ 36. Kh2 Rd2+ 37. Kg3 Rxc2 38. Rf3 Rg2+ 39. Kxg2 Bd5 40. Nh2
Rf4 41. Kg3 Rxa4 42. Re3 1-0

[Event "Mondiale Lampo FIDE 2017"]
[Site "Riyadh"]
[Date "29.12.2017"]
[Round "3.12"]
[White "Vallejo Pons, Francisco"]
[Black "Ivanchuk, Vassily"]
[Result "0-1"]
[WhiteTitle "GM"]
[BlackTitle "GM"]
[WhiteElo "2707"]
[BlackElo "2726"]
[WhiteFideId "2205530"]
[BlackFideId "14100010"]
[EventDate "2017.12.29"]

1. e4 e6 2. d4 d5 3. Nc3 Bb4 4. e5 c5 5. a3 Bxc3+ 6. bxc3 Ne7 7. Qg4 O-O 8. Bd3
Nbc6 9. Qh5 Ng6 10. Nf3 Qc7 11. Be3 Nce7 12. h4 Bd7 13. Qg4 f5 14. Qh3 cxd4 15.
cxd4 Bb5 16. O-O Bxd3 17. cxd3 Rfc8 18. h5 Nf8 19. h6 g6 20. Qh4 Nc6 21. Rfc1
Qd8 22. Bg5 Qe8 23. Be3 Nd7 24. Rab1 b6 25. Rb2 Ne7 26. Rbc2 Rxc2 27. Rxc2 Rc8
28. Qxe7 Qxe7 29. Rxc8+ Nf8 30. Bg5 Qd7 31. Rd8 Qc7 32. Bf6 Qc1+ 33. Kh2 Qf4+
34. Kg1 Qc1+ 35. Kh2 Qxh6+ 36. Kg3 Qh5 37. Be7 Kf7 38. Bxf8 g5 39. Rd7+ Kxf8 0-1

[Event "Mondiale Lampo FIDE 2017"]
[Site "Riyadh"]
[Date "29.12.2017"]
[Round "3.13"]
[White "Nepomniachtchi, Ian"]
[Black "Demchenko, Anton"]
[Result "0-1"]
[WhiteTitle "GM"]
[BlackTitle "GM"]
[WhiteElo "2729"]
[BlackElo "2660"]
[WhiteFideId "4168119"]
[BlackFideId "4160258"]
[EventDate "2017.12.29"]

1. e4 c5 2. Nf3 d6 3. d4 cxd4 4. Nxd4 Nf6 5. Nc3 Nc6 6. Bc4 e6 7. Be3 a6 8. Qe2
Qc7 9. O-O-O Na5 10. Bd3 b5 11. g4 b4 12. Nb1 Bb7 13. Nd2 d5 14. f3 dxe4 15.
Nxe4 Nxe4 16. Bxe4 Bxe4 17. fxe4 Nc4 18. Kb1 Nxe3 19. Qxe3 Bc5 20. Qf3 O-O 21.
Nb3 Be7 22. h4 a5 23. g5 a4 24. Nd4 Rac8 25. Rd2 a3 26. g6 fxg6 27. Qb3 Qc4 28.
Nxe6 Rf1+ 29. Rd1 Rxh1 30. Rxh1 Kh8 31. Ng5 h6 32. Nf3 Kh7 33. Re1 Qc5 34. e5
Rf8 35. h5 Qf2 36. hxg6+ Kh8 37. bxa3 Rxf3 0-1

[Event "Mondiale Lampo FIDE 2017"]
[Site "Riyadh"]
[Date "29.12.2017"]
[Round "3.14"]
[White "Svidler, Peter"]
[Black "Dreev, Aleksey"]
[Result "0-1"]
[WhiteTitle "GM"]
[BlackTitle "GM"]
[WhiteElo "2765"]
[BlackElo "2653"]
[WhiteFideId "4102142"]
[BlackFideId "4100107"]
[EventDate "2017.12.29"]

1. Nf3 d5 2. c4 c6 3. e3 Nf6 4. b3 Bg4 5. Bb2 Nbd7 6. h3 Bh5 7. Nc3 e6 8. g4 Bg6
9. Nh4 Bb4 10. Nxg6 hxg6 11. Qe2 g5 12. Bg2 dxc4 13. bxc4 Nc5 14. O-O Nd3 15.
Rab1 Nxb2 16. Rxb2 Bxc3 17. dxc3 Qc7 18. f4 Nd7 19. fxg5 Ne5 20. c5 Rd8 21. Rfb1
Qe7 22. Rxb7 Qxc5 23. Qf2 O-O 24. Qf4 Qxc3 25. Rxa7 Rd2 26. Rf1 Qc5 27. Rb7 Rxa2
28. h4 Ng6 29. Qg3 Re2 30. Rf3 Ne5 31. g6 Nxf3+ 32. Qxf3 Qxe3+ 33. Qxe3 Rxe3 34.
h5 Rg3 35. Kh2 Rxg4 36. Bh3 Re4 37. Re7 c5 38. gxf7+ Rxf7 39. Bxe6 Rxe6 40. Rxe6
Rf5 41. h6 Rh5+ 42. Kg3 Rxh6 43. Re8+ Kf7 44. Rc8 Rh5 45. Kg4 Rd5 46. Rc6 g6 47.
Kf4 Rf5+ 48. Kg4 Kg7 49. Rc7+ Kh6 50. Rc6 Rd5 51. Kf4 Rf5+ 52. Kg4 Rg5+ 53. Kf4
Rh5 54. Kg4 Rf5 55. Rc7 Rd5 56. Kf4 Rd4+ 57. Ke5 Rc4 58. Kd5 Rc1 59. Ke4 Kg5 60.
Kd3 Kf4 61. Kd2 Rc4 62. Kd3 Rd4+ 63. Kc3 0-1

[Event "Mondiale Lampo FIDE 2017"]
[Site "Riyadh"]
[Date "29.12.2017"]
[Round "3.15"]
[White "Le, Quang Liem"]
[Black "Nguyen, Ngoc Truong Son"]
[Result "1/2-1/2"]
[WhiteTitle "GM"]
[BlackTitle "GM"]
[WhiteElo "2737"]
[BlackElo "2630"]
[WhiteFideId "12401137"]
[BlackFideId "12401110"]
[EventDate "2017.12.29"]

1. d4 d5 2. c4 dxc4 3. e3 Nf6 4. Bxc4 e6 5. Nf3 c5 6. O-O a6 7. dxc5 Qxd1 8.
Rxd1 Bxc5 9. Be2 Nbd7 10. Nbd2 b6 11. Nc4 Bb7 12. b3 O-O 1/2-1/2

[Event "Mondiale Lampo FIDE 2017"]
[Site "Riyadh"]
[Date "29.12.2017"]
[Round "3.16"]
[White "Vidit, Santosh Gujrathi"]
[Black "Harikrishna, Pentala"]
[Result "1-0"]
[WhiteTitle "GM"]
[BlackTitle "GM"]
[WhiteElo "2715"]
[BlackElo "2744"]
[WhiteFideId "5029465"]
[BlackFideId "5007003"]
[EventDate "2017.12.29"]

1. d4 Nf6 2. c4 e6 3. Nf3 d5 4. g3 dxc4 5. Bg2 c5 6. O-O Nc6 7. Ne5 Bd7 8. Nxc4
cxd4 9. Bf4 Be7 10. Nd6+ Kf8 11. Nxb7 Qb6 12. Nd6 Nd5 13. Nc4 Qd8 14. Be5 Rc8
15. Nbd2 f6 16. Bd6 Be8 17. Ne4 Bg6 18. Rc1 Bxe4 19. Bxe7+ Ndxe7 20. Bxe4 Kf7
21. Qb3 Qd7 22. Rc2 Rb8 23. Qa3 Nb4 24. Rd2 Rhc8 25. b3 e5 26. e3 Nec6 27. Rfd1
Kg8 28. Qa4 Qe7 29. a3 dxe3 30. fxe3 Qc5 31. axb4 Rxb4 32. Qa6 Ne7 33. Qe6+ Kh8 1-0

[Event "Mondiale Lampo FIDE 2017"]
[Site "Riyadh"]
[Date "29.12.2017"]
[Round "3.17"]
[White "Salem, A.R. Saleh"]
[Black "Naiditsch, Arkadij"]
[Result "0-1"]
[WhiteTitle "GM"]
[BlackTitle "GM"]
[WhiteElo "2638"]
[BlackElo "2705"]
[WhiteFideId "9301348"]
[BlackFideId "4650891"]
[EventDate "2017.12.29"]

1. d4 Nf6 2. c4 e6 3. Nf3 d5 4. Nc3 Nbd7 5. Bg5 c6 6. e3 Qa5 7. cxd5 exd5 8. Bd3
Ne4 9. O-O Nxg5 10. Nxg5 Nf6 11. f4 Bb4 12. Qc2 h6 13. Nf3 O-O 14. Ne5 Re8 15.
a3 Bxc3 16. bxc3 c5 17. Qb2 Ne4 18. Bxe4 dxe4 19. Rad1 cxd4 20. cxd4 Qd5 21. Rc1
b6 22. Rc7 f6 23. Ng6 Bd7 24. Qb4 Kh7 25. f5 Rac8 26. Rxa7 Rc2 27. Nf4 Qxf5 28.
Qd6 Bb5 29. Rb1 Rec8 30. h3 Qg5 31. Qe6 Bd3 32. h4 Qg3 33. Qf5+ Kg8 34. Kh1 Rc1+ 0-1

[Event "Mondiale Lampo FIDE 2017"]
[Site "Riyadh"]
[Date "29.12.2017"]
[Round "3.18"]
[White "Rapport, Richard"]
[Black "Andriasian, Zaven"]
[Result "0-1"]
[WhiteTitle "GM"]
[BlackTitle "GM"]
[WhiteElo "2707"]
[BlackElo "2585"]
[WhiteFideId "738590"]
[BlackFideId "13302000"]
[EventDate "2017.12.29"]

1. d4 Nf6 2. Bg5 d5 3. e3 c5 4. Nc3 e6 5. Nf3 Nc6 6. a3 h6 7. Bh4 Be7 8. dxc5
Bxc5 9. Bd3 O-O 10. O-O Be7 11. Re1 b6 12. Qe2 Bb7 13. Rad1 Nd7 14. Bg3 Nc5 15.
Bb5 Qc8 16. b4 Ne4 17. Nxe4 dxe4 18. Nd2 a6 19. Ba4 b5 20. Bb3 f5 21. c4 Kh7 22.
c5 Bf6 23. Bd6 Re8 24. Nf1 Ne5 25. Ng3 Nd3 26. Rf1 a5 27. f3 axb4 28. fxe4 fxe4
29. Rxf6 gxf6 30. Qh5 Qd7 31. axb4 Rg8 32. Bf4 Rg6 33. Qh3 Bd5 34. Bc2 Nxf4 35.
exf4 f5 36. Bb3 Rf8 37. Ne2 Qf7 38. Bxd5 exd5 39. Nd4 Ra6 40. Nxb5 Qg7 41. Nd6
Ra1 42. Rxa1 Qxa1+ 43. Kf2 Qb2+ 44. Kf1 Qc1+ 45. Ke2 d4 46. Qh4 Qc2+ 47. Kf1
Qd1+ 48. Kf2 e3+ 49. Kg3 Rg8+ 50. Kh3 Qg4+ 51. Qxg4 fxg4+ 52. Kg3 d3 53. Nf5 Re8
54. c6 e2 0-1

[Event "Mondiale Lampo FIDE 2017"]
[Site "Riyadh"]
[Date "29.12.2017"]
[Round "3.19"]
[White "Anton Guijarro, David"]
[Black "Kasimdzhanov, Rustam"]
[Result "1/2-1/2"]
[WhiteTitle "GM"]
[BlackTitle "GM"]
[WhiteElo "2666"]
[BlackElo "2683"]
[WhiteFideId "2285525"]
[BlackFideId "14200244"]
[EventDate "2017.12.29"]

1. Nf3 Nf6 2. c4 c5 3. Nc3 d5 4. cxd5 Nxd5 5. e3 e6 6. Nxd5 exd5 7. b4 cxb4 8.
Bb2 f6 9. Rc1 Nc6 10. Bb5 Bd7 11. Qb3 a6 12. Bd3 Be6 13. Nd4 Nxd4 14. Bxd4 Rc8
15. O-O Be7 16. Qb1 g6 17. h4 Kf7 18. f4 Rxc1 19. Rxc1 Qd7 20. h5 Bf5 21. Bxf5
gxf5 22. Bc5 Rc8 23. Bxe7 Rxc1+ 24. Qxc1 Qxe7 25. Qc8 Kg7 26. Qxf5 Qe4 27. h6+
Kf7 28. Qd7+ Kg6 29. Qg7+ Kh5 30. Kh2 Qg6 31. Kh3 f5 32. Qf8 Qg4+ 33. Kh2 Qh4+
34. Kg1 Qe1+ 35. Kh2 Qh4+ 36. Kg1 Qe1+ 37. Kh2 Qh4+ 1/2-1/2